[Event "Vienna Advent op"]
[Site "Vienna"]
[Date "2023.12.17"]
[Round "7"]
[White "Kucharski, Michael"]
[Black "Karall, Lorenz"]
[Result "1-0"]
[WhiteElo "1927"]
[BlackElo "1754"]
[PlyCount "123"]
[EventDate "2023.12.11"]
[EventType "swiss"]
[EventRounds "7"]
[EventCountry "AUT"]
[SourceTitle "CB51_2023"]
[SourceDate "2023.12.20"]
[SourceVersion "1"]
[SourceVersionDate "2023.12.20"]
[SourceQuality "1"]

1. d4 d6 2. Nf3 Nf6 3. c4 g6 4. Nc3 Bg7 5. g3 c6 6. Bg2 Nbd7 7. 0-0 Qc7 8. e4 e5 9. d5 0-0 10. h3 a6 11. Be3 h6 12. Qd2 g5 13. dxc6 bxc6 14. Rfd1 Ne8 15. Rac1 Ndf6 16. Nh2 Be6 17. b3 Qc8 18. g4 Nd7 19. Ne2 f6 20. Ng3 Rf7 21. Nhf1 Bf8 22. Nf5 a5 23. Qc2 c5 24. Bd2 Ra6 25. N1e3 Qa8 26. Nd5 Qa7 27. Nc3 Nc7 28. Ne3 Rh7 29. Ned5 Ne8 30. Be3 Qb8 31. Nb5 Qd8 32. f3 h5 33. Kf2 Nb8 34. Ndc3 Qe7 35. Ra1 Nc6 36. Nd5 Qf7 37. Rh1 Nd4 38. Nxd4 exd4 39. Bd2 Bc8 40. a3 Qa7 41. Ke2 Be6 42. Kd3 Kf7 43. Rae1 Ng7 44. Rhf1 Be7 45. Qd1 Kg8 46. Rh1 Bf7 47. f4 Bg6 48. fxg5 fxg5 49. Rhf1 Ne8 50. Rf2 Qb7 51. Ref1 Bf7 52. e5 Bg6+ 53. Ke2 Qd7 54. Nxe7+ Qxe7 55. Bd5+ Bf7 56. Rxf7 Qxe5+ 57. Kd3 Rxf7 58. Rxf7 Kh8 59. Qe2 Ng7 60. Rf8+ Kh7 61. Be4+ Nf5 62. Rxf5 1-0

[Event "Ratten op 21st"]
[Site "Ratten"]
[Date "2014.06.01"]
[Round "5"]
[White "Hafner, Robert"]
[Black "Karall, Lorenz"]
[Result "1-0"]
[WhiteElo "2088"]
[BlackElo "1953"]
[PlyCount "145"]
[EventDate "2014.05.29"]
[EventType "swiss"]
[EventRounds "5"]
[EventCountry "AUT"]
[SourceTitle "CBM 160 Extra"]
[Source "ChessBase"]
[SourceDate "2014.07.01"]
[SourceVersion "1"]
[SourceVersionDate "2014.07.01"]
[SourceQuality "1"]

1. d4 g6 2. c4 Bg7 3. Nf3 d6 4. Nc3 c6 5. e3 Nd7 6. Be2 Ngf6 7. 0-0 0-0 8. b3 Qc7 9. Bb2 e5 10. Qc2 Re8 11. Rac1 Nf8 12. dxe5 dxe5 13. Rcd1 Bf5 14. e4 Bg4 15. Nd2 Rad8 16. Bxg4 Nxg4 17. h3 Nf6 18. Ne2 Ne6 19. c5 Nd4 20. Nxd4 exd4 21. f3 Bh6 22. Rfe1 Nh5 23. Nf1 Qe5 24. Qc4 Nf4 25. Bc1 Bg7 26. Bxf4 Qxf4 27. Rd3 h5 28. Red1 h4 29. b4 a6 30. a3 Be5 31. Qc1 Qf6 32. Nh2 Bf4 33. Qc4 Re7 34. Ng4 Qg5 35. Rxd4 Rxd4 36. Qxd4 f5 37. Qc4+ Kh7 38. exf5 Qxf5 39. Kh1 Bg5 40. Qc3 Qf4 41. Qd3 Qg3 42. Nh2 Bf4 43. Nf1 Qf2 44. Qd8 Qe2 45. Kg1 Qe6 46. Qd3 Bc7 47. Qd4 g5 48. Qd3+ Kg7 49. Nh2 Bg3 50. Ng4 Qe1+ 51. Rxe1 Rxe1+ 52. Qf1 Kf7 53. Ne3 Ke6 54. Qxe1 Bxe1 55. Nc4 Bg3 56. Kf1 Kd5 57. Na5 b6 58. cxb6 Bh2 59. Ke2 Bg3 60. Nb3 Bh2 61. Nc5 Kd4 62. Ne4 Bf4 63. Nc5 Kc3 64. Nxa6 Kb3 65. Nb8 Kxa3 66. Nxc6 Bd6 67. Ke3 Bf4+ 68. Ke4 Kb3 69. b5 Kc4 70. Kf5 Be3 71. Ne5+ Kxb5 72. Nf7 Bxb6 73. Nxg5 1-0

[Event "Ratten op 21st"]
[Site "Ratten"]
[Date "2014.05.30"]
[Round "3"]
[White "Higatsberger, Michael"]
[Black "Karall, Lorenz"]
[Result "0-1"]
[WhiteElo "2178"]
[BlackElo "1953"]
[PlyCount "99"]
[EventDate "2014.05.29"]
[EventType "swiss"]
[EventRounds "5"]
[EventCountry "AUT"]
[SourceTitle "CBM 160 Extra"]
[Source "ChessBase"]
[SourceDate "2014.07.01"]
[SourceVersion "1"]
[SourceVersionDate "2014.07.01"]
[SourceQuality "1"]

1. e4 d6 2. d4 Nf6 3. Nc3 g6 4. Be3 Bg7 5. Qd2 Ng4 6. Bg5 h6 7. Bh4 c6 8. h3 Nf6 9. f4 Qa5 10. Nf3 Nbd7 11. e5 dxe5 12. dxe5 Nd5 13. Nxd5 Qxd2+ 14. Kxd2 cxd5 15. Bf2 0-0 16. Bd3 b6 17. Bd4 Nc5 18. a4 Bb7 19. a5 Rfc8 20. g4 Ne6 21. axb6 axb6 22. Rxa8 Rxa8 23. Bxb6 Nxf4 24. Bd4 Ra4 25. b3 Ra2 26. Bb5 Ne6 27. Re1 Ra5 28. Bd7 Nxd4 29. Nxd4 e6 30. Bc6 Ba8 31. b4 Ra2 32. Rb1 Bxe5 33. Bxa8 Bxd4 34. Bc6 Ra3 35. b5 Bb6 36. Rh1 Kf8 37. Rh2 Ke7 38. Kc1 Bd4 39. Kd2 g5 40. Rh1 Kd6 41. Be8 f5 42. gxf5 exf5 43. Bg6 Rf3 44. Rb1 Bb6 45. Ke2 Re3+ 46. Kd2 Ke5 47. Re1 d4 48. Re2 Kf6 49. Be8 Rxh3 50. Bd7 0-1

[Event "Lienz op 17th"]
[Site "Lienz"]
[Date "2013.02.12"]
[Round "5"]
[White "Karall, Lorenz"]
[Black "Aliyev, Ravan"]
[Result "0-1"]
[WhiteElo "1984"]
[BlackElo "1843"]
[PlyCount "82"]
[EventDate "2013.02.09"]
[EventType "swiss"]
[EventRounds "9"]
[EventCountry "AUT"]
[SourceTitle "CBM 152 Extra"]
[Source "ChessBase"]
[SourceDate "2013.02.25"]
[SourceVersion "1"]
[SourceVersionDate "2013.02.25"]
[SourceQuality "1"]

1. d4 Nf6 2. Nf3 g6 3. c4 Bg7 4. Nc3 0-0 5. e3 d6 6. Bd3 Nbd7 7. 0-0 e5 8. Re1 Qe7 9. e4 h6 10. h3 Nh5 11. Nd5 Qd8 12. g4 Nhf6 13. Be3 Re8 14. dxe5 dxe5 15. Nc3 c6 16. b4 Qe7 17. Rb1 h5 18. g5 Nh7 19. a4 Ndf8 20. Bc5 Qe6 21. Bf1 f6 22. gxf6 Qxf6 23. Re3 Ne6 24. Bd6 Nf4 25. c5 Bxh3 26. Bxh3 Nxh3+ 27. Kf1 g5 28. Rb2 g4 29. Nh2 Qf4 30. Rg3 Nxf2 31. Qb3+ Kh8 32. Nd5 cxd5 33. Rxf2 Qxe4 34. Re3 Qh1+ 35. Ke2 d4 36. Rg3 e4 37. Nf1 d3+ 38. Ke3 h4 39. Rxg4 Qh3+ 40. Kf4 Rf8+ 41. Bxf8 Rxf8+ 0-1

[Event "Vienna Husek op-A"]
[Site "Vienna"]
[Date "2012.08.17"]
[Round "5"]
[White "Karall, Lorenz"]
[Black "Higatsberger, Michael"]
[Result "1/2-1/2"]
[WhiteElo "1972"]
[BlackElo "2164"]
[PlyCount "147"]
[EventDate "2012.08.13"]
[EventType "swiss"]
[EventRounds "7"]
[EventCountry "AUT"]
[SourceTitle "EXT 2014"]
[Source "ChessBase"]
[SourceDate "2013.11.20"]
[SourceVersion "1"]
[SourceVersionDate "2013.11.20"]
[SourceQuality "1"]

1. d4 d5 2. Nf3 Nf6 3. e3 c6 4. Bd3 Bg4 5. Nbd2 Nbd7 6. c3 e6 7. Qc2 Bd6 8. b3 Bh5 9. 0-0 Bg6 10. Bb2 0-0 11. c4 Qb8 12. Rad1 a5 13. a3 e5 14. Bxg6 hxg6 15. dxe5 Nxe5 16. Nxe5 Bxe5 17. Bxe5 Qxe5 18. cxd5 cxd5 19. Nf3 Qe7 20. Qb2 a4 21. b4 Rfc8 22. Rc1 Rc4 23. Ne5 Re4 24. Nf3 Nd7 25. Rc7 Qd6 26. Rfc1 Rc4 27. R7xc4 dxc4 28. Nd4 Rc8 29. h3 Nb6 30. Qc2 Qd5 31. Qc3 g5 32. f3 Rd8 33. Rd1 f5 34. g4 Qe5 35. Kg2 Kh8 36. Ne2 Re8 37. Rd8 Kh7 38. Qxe5 Rxe5 39. Kf2 fxg4 40. hxg4 Rd5 41. Rxd5 Nxd5 42. e4 Nc7 43. Nc3 Kg6 44. Ke3 Kf6 45. Kd4 b5 46. Kc5 Ke5 47. Ne2 Ne6+ 48. Kxb5 Nd4+ 49. Nxd4 Kxd4 50. e5 c3 51. e6 c2 52. e7 c1Q 53. e8Q Qxa3 54. Qe4+ Kc3 55. Qe1+ Kb2 56. Qe2+ Kc3 57. Qc4+ Kd2 58. Qd4+ Ke2 59. Qe4+ Kf2 60. f4 Qb3 61. fxg5 a3 62. Qf4+ Kg2 63. Qd2+ Kh3 64. Kc6 Qb2 65. Qe3+ Kh4 66. Qe8 a2 67. Qe1+ Kxg5 68. Qe3+ Kg6 69. Qd3+ Kf7 70. Qd7+ Kf6 71. Qf5+ Ke7 72. Qd7+ Kf8 73. Qd8+ Kf7 74. Qd7+ 1/2-1/2

[Event "Vienna Husek op-A"]
[Site "Vienna"]
[Date "2012.08.14"]
[Round "2"]
[White "Leitner, Gerald"]
[Black "Karall, Lorenz"]
[Result "1-0"]
[WhiteElo "2246"]
[BlackElo "1972"]
[PlyCount "98"]
[EventDate "2012.08.13"]
[EventType "swiss"]
[EventRounds "7"]
[EventCountry "AUT"]
[SourceTitle "EXT 2014"]
[Source "ChessBase"]
[SourceDate "2013.11.20"]
[SourceVersion "1"]
[SourceVersionDate "2013.11.20"]
[SourceQuality "1"]

1. d4 g6 2. c4 Bg7 3. Nc3 c6 4. e4 d6 5. Be3 Nd7 6. Nf3 Qa5 7. Be2 e5 8. Qc2 Ngf6 9. h3 0-0 10. d5 c5 11. g4 a6 12. Nd2 Ne8 13. a4 f6 14. Nb3 Qd8 15. a5 g5 16. Nc1 Rb8 17. Nd3 b6 18. axb6 Nxb6 19. b3 Nc7 20. Bd2 Nd7 21. Nd1 Ne8 22. Ne3 Rf7 23. Ba5 Nc7 24. b4 Bf8 25. 0-0 cxb4 26. Nxb4 Bb7 27. Nc6 Bxc6 28. dxc6 Nc5 29. Rfb1 Rxb1+ 30. Rxb1 Qa8 31. Nd5 Qxc6 32. Bxc7 Rxc7 33. Rb6 Qa4 34. Qxa4 Nxa4 35. Rb4 Nc3 36. Nxc3 d5 37. Nxd5 Bxb4 38. Nxc7 a5 39. Nd5 Kf7 40. Nxb4 axb4 41. Kf1 Ke6 42. Ke1 Kd6 43. Kd2 Kc5 44. Kd3 h6 45. Bd1 Kc6 46. Ba4+ Kb6 47. Bd7 Kc5 48. Be6 Kb6 49. Bd5 Kc5 1-0

[Event "Oberwart op-A 34th"]
[Site "Oberwart"]
[Date "2012.07.10"]
[Round "4"]
[White "Hofmann, Thomas"]
[Black "Karall, Lorenz"]
[Result "1-0"]
[WhiteElo "2082"]
[BlackElo "1972"]
[PlyCount "102"]
[EventDate "2012.07.07"]
[EventType "swiss"]
[EventRounds "9"]
[EventCountry "AUT"]
[SourceTitle "CBM 149 Extra"]
[Source "ChessBase"]
[SourceDate "2012.08.24"]
[SourceVersion "1"]
[SourceVersionDate "2012.08.24"]
[SourceQuality "1"]

1. d4 g6 2. c4 Bg7 3. Nc3 d6 4. e4 Nd7 5. f4 c6 6. Be3 Qa5 7. Nge2 b5 8. cxb5 cxb5 9. Nc1 a6 10. Be2 Bb7 11. 0-0 b4 12. Nd5 Bxd5 13. exd5 Ngf6 14. Bc4 Nb6 15. Nb3 Qa4 16. Qe2 Nfxd5 17. Bd2 0-0 18. a3 Nxc4 19. Qxc4 Qb5 20. Qxb5 axb5 21. axb4 Ra4 22. Bc3 Nxb4 23. Rxa4 bxa4 24. Nd2 Nd5 25. Ra1 Ra8 26. Nc4 Nxf4 27. Kf1 Ra6 28. g3 Nd5 29. Ke2 e5 30. dxe5 Nxc3+ 31. bxc3 d5 32. Nb2 Bxe5 33. Rxa4 Rc6 34. Nd3 Bxc3 35. Nf4 Rd6 36. Kd3 Be5 37. Ng2 Kf8 38. Ne3 Ke7 39. Ra7+ Ke6 40. Ng4 Bg7 41. Ne3 h5 42. h3 Be5 43. g4 h4 44. Ra8 Bf6 45. Re8+ Kd7 46. Rf8 Ke7 47. Rc8 Be5 48. Rc7+ Ke6 49. Rc8 f6 50. g5 Bf4 51. gxf6 Bxe3 1-0

[Event "Vienna Tschaturanga op"]
[Site "Vienna"]
[Date "2011.05.18"]
[Round "4"]
[White "Stanivukovic, Drago"]
[Black "Karall, Lorenz"]
[Result "1-0"]
[WhiteElo "2036"]
[BlackElo "1932"]
[PlyCount "61"]
[EventDate "2011.05.14"]
[EventType "swiss"]
[EventRounds "9"]
[EventCountry "AUT"]
[SourceTitle "CBM 142 Extra"]
[Source "ChessBase"]
[SourceDate "2011.06.27"]
[SourceVersion "1"]
[SourceVersionDate "2011.06.27"]
[SourceQuality "1"]

1. e4 d6 2. d4 Nf6 3. Nc3 g6 4. f4 Bg7 5. Nf3 c6 6. a4 0-0 7. h3 Nbd7 8. e5 Nh5 9. Ne2 Bh8 10. g4 Ng7 11. Ng3 f6 12. Bc4+ d5 13. Bb3 Nb6 14. Qd3 Be6 15. f5 fxe5 16. fxg6 hxg6 17. Nxe5 Nc4 18. Nxg6 Rf6 19. Nh5 Nxh5 20. gxh5 Bg7 21. Rg1 Bf5 22. Qe2 Kh7 23. Ne5 Nxe5 24. dxe5 Re6 25. Bf4 Qc7 26. Rxg7+ Kxg7 27. 0-0-0 Kh7 28. c3 Rf8 29. Bc2 Qc8 30. Rg1 Kh8 31. Qg2 1-0

[Event "Vienna Tschaturanga op"]
[Site "Vienna"]
[Date "2011.05.16"]
[Round "2"]
[White "Karall, Lorenz"]
[Black "Lechner, Marcus"]
[Result "1-0"]
[WhiteElo "1932"]
[BlackElo "1989"]
[PlyCount "47"]
[EventDate "2011.05.14"]
[EventType "swiss"]
[EventRounds "9"]
[EventCountry "AUT"]
[SourceTitle "CBM 142 Extra"]
[Source "ChessBase"]
[SourceDate "2011.06.27"]
[SourceVersion "1"]
[SourceVersionDate "2011.06.27"]
[SourceQuality "1"]

1. d4 Nf6 2. Nf3 e6 3. c4 c5 4. g3 cxd4 5. Nxd4 Nc6 6. Bg2 Be7 7. 0-0 a6 8. Nc3 0-0 9. a3 Qc7 10. b4 d6 11. Nxc6 bxc6 12. e4 Bb7 13. Be3 Rfd8 14. Bf4 Nd7 15. Rc1 Ne5 16. Qe2 Rd7 17. Rfd1 Rad8 18. Be3 Bf6 19. f4 Ng6 20. Na4 c5 21. bxc5 dxc5 22. Rxd7 Qxd7 23. Nxc5 Qc8 24. Nxb7 1-0

[Event "Oberwart op"]
[Site "Oberwart"]
[Date "2010.07.10"]
[Round "1"]
[White "Karall, Lorenz"]
[Black "Veszpremi, Andras"]
[Result "0-1"]
[WhiteElo "1964"]
[BlackElo "2272"]
[PlyCount "65"]
[EventDate "2010.07.10"]
[EventType "swiss"]
[EventRounds "9"]
[EventCountry "AUT"]
[SourceTitle "CBM 137 Extra"]
[Source "ChessBase"]
[SourceDate "2010.09.01"]
[SourceVersion "1"]
[SourceVersionDate "2010.09.01"]
[SourceQuality "1"]

1. d4 Nf6 2. Nf3 g6 3. c4 Bg7 4. Nc3 0-0 5. e4 d6 6. Be2 e5 7. 0-0 exd4 8. Nxd4 Nc6 9. Bg5 Nxd4 10. Qxd4 Nxe4 11. Nxe4 Bxd4 12. Bxd8 Rxd8 13. Rab1 Bf5 14. Bf3 Re8 15. Rfe1 Bg7 16. g4 Bd7 17. b4 Re5 18. Ng3 Rae8 19. Rxe5 Rxe5 20. a4 b6 21. b5 Be6 22. Be2 Bh6 23. Rb2 f5 24. h3 Kf8 25. Kg2 Bf4 26. gxf5 gxf5 27. Nh5 Bh6 28. Bd3 f4 29. Nf6 Bg7 30. Nxh7+ Kg8 31. h4 Bf5 32. Bxf5 Rxf5 33. Re2 0-1

[Event "AUT-ch qual"]
[Site "Austria"]
[Date "2007.??.??"]
[Round "5"]
[White "Vokroj, Gabriela"]
[Black "Karall, Lorenz"]
[Result "1-0"]
[WhiteElo "1847"]
[BlackElo "2069"]
[PlyCount "85"]
[EventDate "2007.??.??"]
[EventType "swiss"]
[EventRounds "9"]
[EventCountry "AUT"]
[SourceTitle "EXT 2008"]
[Source "ChessBase"]
[SourceDate "2007.11.25"]
[SourceVersion "1"]
[SourceVersionDate "2007.11.25"]
[SourceQuality "1"]

1. e4 d6 2. d4 g6 3. Nc3 Bg7 4. Be3 c6 5. Nf3 Nf6 6. Qd2 Qa5 7. Bd3 Nbd7 8. Bh6 Bxh6 9. Qxh6 Qh5 10. Qxh5 Nxh5 11. 0-0 Nf4 12. Bc4 b5 13. Bb3 b4 14. Nd1 Nb6 15. Ne3 a5 16. a4 Ba6 17. Rfe1 e6 18. d5 cxd5 19. exd5 e5 20. Nd4 Kd7 21. Nc6 Bb7 22. g3 Nh5 23. Rad1 f5 24. Nc4 Nxc4 25. Bxc4 Nf6 26. Bb5 Kc7 27. Nxe5 dxe5 28. d6+ Kb6 29. Rxe5 Rhd8 30. d7 Kc7 31. Rc5+ Kb6 32. Rc4 Bd5 33. Rcd4 Kc5 34. c4 bxc3 35. bxc3 Bf3 36. Rc4+ Kb6 37. Rd6+ Kb7 38. Rxf6 Rab8 39. Rd4 Kc7 40. c4 Rb6 41. Rxb6 Kxb6 42. Rd6+ Kc5 43. Re6 1-0

[Event "Oberwart op"]
[Site "Oberwart"]
[Date "2000.??.??"]
[Round "2"]
[White "Szieberth, Adam"]
[Black "Karall, Lorenz"]
[Result "1-0"]
[WhiteElo "2334"]
[BlackElo "2090"]
[PlyCount "65"]
[EventDate "2000.??.??"]
[EventType "swiss"]
[EventRounds "9"]
[EventCountry "AUT"]
[SourceTitle "EXT 2001"]
[Source "ChessBase"]
[SourceDate "2000.11.22"]
[SourceVersion "1"]
[SourceVersionDate "2000.11.22"]
[SourceQuality "1"]

1. e4 d6 2. d4 Nf6 3. Nc3 g6 4. Be3 Bg7 5. f3 0-0 6. Qd2 e5 7. d5 a6 8. g4 b5 9. a3 Nbd7 10. h4 Re8 11. h5 Nf8 12. Nge2 N6d7 13. Ng3 Rb8 14. Na2 Bb7 15. 0-0-0 Nb6 16. b3 Qe7 17. Bh3 Nbd7 18. Nf5 gxf5 19. gxf5 Nc5 20. Rdg1 Kh8 21. Qg2 Nfe6 22. fxe6 fxe6 23. h6 Bf6 24. Bxc5 dxc5 25. Bxe6 c4 26. b4 a5 27. Rh3 Qf8 28. Rg3 Rxe6 29. dxe6 Qxh6+ 30. Kb1 Qf8 31. Rh1 axb4 32. Rgh3 Qe7 33. Qg6 1-0